| 000 | 00918nam a2200217 a 4500 | ||
|---|---|---|---|
| 001 | 83178 | ||
| 003 | BD-RjUL | ||
| 005 | 20240228142450.0 | ||
| 008 | 240228r20102007ii ||||| |||| 00| 0 ben d | ||
| 035 | _a(BD-RjUL)83178 | ||
| 040 |
_aBD-RjUL _beng _cBD-RjUL |
||
| 041 | _aben | ||
| 082 |
_223 _a491.44152 _bBHB 2010 |
||
| 100 |
_aভট্টাচার্য, মিতালী _911957 |
||
| 245 |
_aবাংলা বানানচিন্তার বিবর্তন / _cমিতালী ভট্টাচার্য |
||
| 260 |
_aকলকাতা : _bপারুল প্রকাশনী, _c২০০৭, [পুনর্মুদ্রণ ২০১০] |
||
| 300 |
_a২৬০ পৃ.; _c২২ সেমি. |
||
| 650 |
_aবাংলা ভাষা _vবানান এবং উচ্চারণ _911958 |
||
| 650 |
_aBengali Language _vSpelling and Pronunciation _911959 |
||
| 942 |
_2ddc _cBK |
||
| 999 |
_c83178 _d83178 |
||